Committee on public undertakings parliament of India: Golden jubilee souvenir (Record no. 503576)

000 -LEADER
fixed length control field 00340cam a22000977a 4500
008 - FIXED-LENGTH DATA ELEMENTS--GENERAL INFORMATION
fixed length control field 180718b2015 xxu||||| |||| 00| 0 eng d
082 ## - DEWEY DECIMAL CLASSIFICATION NUMBER
Classification number G2x54 In2/64-2014
245 ## - TITLE STATEMENT
Title Committee on public undertakings parliament of India: Golden jubilee souvenir
Statement of responsibility, etc. by Lok Sabha Secretariat
260 ## - PUBLICATION, DISTRIBUTION, ETC.
Place of publication, distribution, etc. New Delhi
Name of publisher, distributor, etc. Lok Sabha Secretariat
Date of publication, distribution, etc. 2015
300 ## - PHYSICAL DESCRIPTION
Extent 149p.
Holdings
Withdrawn status Lost status Damaged status Not for loan Permanent Location Current Location Date acquired Full call number Barcode Date last seen Price effective from Koha item type
        Indian Institute of Public Administration Indian Institute of Public Administration 2018-08-04 G2x54 In2/64-2014 GG31960 2018-08-04 2018-08-04 GG

Powered by Koha